000 00687nam a2200217Ia 4500
001 17199
003 GE_BSU
008 181216s||||||||xx |||||||||||||| ||und||
040 _cGE_BSU
080 _a82-93:821.161.1-32
100 _aჟურბა, პავლე
245 _aალექსანდრე მატროსოვი
245 _cმოთხრობა უფრ. ასაკისათვის
260 _aთბილისი
260 _bნაკადული
260 _c1972
300 _a411გვ. ; 20სმ.
653 _aალექსანდრე მატროსოვი
653 _aმოთხრობა
942 _cBK
999 _c50261
_d50261